000 01081cam a2200205 i 4500
005 20251110124051.0
008 250721s1994 ua gr 000 0 ara d
082 1 4 _a213
_bر ج ب
100 1 _aإبن رجب، زين الدين أبو الفرج عبد الرحمن
_dتوفي سنة 790 ه،
_eمؤلف.
245 1 0 _aجامع العلوم و الحكم في شرح خمسين حديثا مع جوامع الكلم /
_cتأليف زين الدين أبو الفرج عبد الرحمن ابن رجب الحنبلي؛ تحقيق و دراسة طارق احمد محمد؛ مراجعة قسم التحقيق بدار الصحابة للتراث بطنطا.
250 _aالطبعة الاولى.
264 3 1 _aالقاهره :
_bدار الصحابه للتراث،
_c1994.
300 _a2 مجلد.
650 1 7 _aالإسلام.
650 1 7 _aالحديث الشريف.
700 1 _aمحمد،طارق احمد
_eمحقق.
710 2 _aقسم التحقيق بدار الصحابة للتراث بطنطا
_eمراجع.
942 _2ddc
_cREF
999 _c26559
_d26559